000 02225nam a2200445 c 4500
003 BLK
005 20250703110826.0
008 180411b bul|||||r ||||||| ||bul||
010 _aKNG00213858000
020 _a978-619-7356-09-0
_bиздат.: Асеневци
040 _aBLK
041 _aBUL
_cBUL
072 7 _2bullib
_aН37
_xОбразование. Педагогика Н
080 _aПсихология на детската възраст. Интелектуално развитие на децата. Психически особености. Детски представи, описани в разкази
_b159.922.7
_x
_z159.922.7
080 _aМонтесори
_b371.481
_x(45)
_z371.481(45)
080 _aПедагогическа психология
_b37.015.3
_x
_z37.015.3
080 _aОсновни форми на възпитание и образование
_b37.018
_x
_z37.018
100 1 _aМонтесори, Мария
_eпърви автор
_998996
700 1 _aЧешмеджиева-Стойчева, Десислава
_eпрев. от англ.
_9344837
700 1 _aМанова, Диана
_eконсултант
_9344838
139 _aМонтесори, Мария
_bМ 87
245 1 0 _aПопиващият ум
_cМария Монтесори; прев. от англ. Десислава Чешмеджиева-Стойчева; консултант Диана Манова.
257 _aITA
260 В. Търново
_bАсеневци
_c2017
300 _a352 с.
_c22 см
380 _a3
500 _aПрев. от The Absorbent Mind / Maria Montessori.
650 4 _aПредучилищно възпитание
_9241578
650 4 _aДетска и педагогическа психология
_9244538
653 _aпредучилищно възпитание
653 _aдетска психология
653 _aпедагогическа психология
659 _aН
852 _aЦб 287904
856 4 _qpdf
_u
856 4 _qpdf
_u
942 _cKNG
_n0
_032
944 _aCR
_c30.10.2017
_lЦветомила Тодорова
_k30576
944 _aED
_c16.12.2017
_lф /
_kВиолета_Тройчева
999 _c204301
_d204301